000 00462nam a2200181Ia 4500
003 LK-CoDNM
008 010623t xxu||||| |||| 00| 1 eng d
040 _aLK-CoDNM
_dLK-CoDNM
_eLK-CoDNM
041 _aeng
080 _aX 954.3 HIS
100 _aAttygalle,Nicholas.
_eed.
245 _aHistory of Ceylon
260 _bCeylon University Press
_aColombo
300 _bxxxiii,409p,31Pl,2maps., 25 cm
650 _aInscription
650 _aJainism
942 _cBK
999 _c134605
_d134605